Clinical immunology and serology : (رقم التسجيلة. 38426)
[ عرض عادي ]
| 000 -الفاتح | |
|---|---|
| حقل البيانات ثابتة الطول | 01336pam a2200373 a 4500 |
| 001 - رقم الضبط | |
| رقم الضبط | 1143548 |
| 003 - محدد رقم الضبط | |
| رقم الضبط | OSt |
| 005 - وقت وتاريخ اخر تعامل مع التسجيلة | |
| رقم الضبط | 20180818175126.0 |
| 008 - عناصر البيانات ثابتة الطول - معلومات عامة | |
| حقل البيانات ثابتة الطول | 950516s2010 paua bf 001 0 eng c |
| 010 ## - رقم ضبط مكتبة الكونجرس | |
| رقم ضبط مكتبة الكونجرس | 95022305 |
| 020 ## - الرقم الدولى المعيارى للكتب | |
| الرقم الدولى المعيارى للكتاب | 9780803618145 |
| 020 ## - الرقم الدولى المعيارى للكتب | |
| الرقم الدولى المعيارى للكتاب | 9780803644663 |
| 040 ## - مصدر الفهرسة | |
| وكالة الفهرسة الأصلية | DNLM/DLC |
| وكالة النسخ | DLC |
| وكالة التعديل | DLC |
| 050 10 - رقم طلب مكتبة الكونجرس | |
| رقم التصنيف | RB46.5 |
| رقم المادة | .S73 1996 |
| 060 10 - رقم الطلب بالمكتبة الطبية الوطنية | |
| رقم التصنيف | QW 540 S844c 1996 |
| 082 00 - رقم تصنيف ديوى العشرى | |
| رقم التصنيف | 616.079 |
| رقم الطبعة | 22 |
| رقم المادة | SCC |
| 100 1# - المدخل الرئيسى - إسم شخصى | |
| الإسم الشخصى | Stevens, Christine. |
| 9 (RLIN) | 52238 |
| 245 10 - بيان العنوان | |
| العنوان | Clinical immunology and serology : |
| بقية العنوان | a laboratory perspective / |
| بيان المسئوليه,etc | Christine Dorresteyn Stevens. |
| 250 ## - بيان الطبعة | |
| بيان الطبعة | 3rd ed |
| 260 ## - PUBLICATION, DISTRIBUTION, ETC. (IMPRINT) | |
| مكان الناشر او الموزع | Philadelphia : |
| اسم الناشر او الموزع | F.A. Davis, |
| تاريخ النشر أو التوزيع | 2010 |
| 300 ## - الوصف المادى | |
| التعداد | xxii, 343 p. : |
| تفاصيل ماديه اخرى للوعاء | ill. ; |
| أبعاد الوعاء | 28 cm. |
| 504 ## - تبصرة ببليوجرافية | |
| تبصرة ببليوجرافية,الخ | Includes bibliographical references and index. |
| 650 #0 - المدخل الاضافى بالموضوع-مصطلح موضوعى | |
| مصطلح موضوعي أو اسم جغرافي كعنصر مدخل | Immunodiagnosis |
| التقسيم الفرعي العام | Laboratory manuals. |
| 9 (RLIN) | 52239 |
| 650 #0 - المدخل الاضافى بالموضوع-مصطلح موضوعى | |
| مصطلح موضوعي أو اسم جغرافي كعنصر مدخل | Serodiagnosis |
| التقسيم الفرعي العام | Laboratory manuals. |
| 9 (RLIN) | 52240 |
| 650 #0 - المدخل الاضافى بالموضوع-مصطلح موضوعى | |
| مصطلح موضوعي أو اسم جغرافي كعنصر مدخل | Clinical immunology. |
| 9 (RLIN) | 46318 |
| 650 12 - المدخل الاضافى بالموضوع-مصطلح موضوعى | |
| مصطلح موضوعي أو اسم جغرافي كعنصر مدخل | Immunity |
| التقسيم الفرعي العام | physiology. |
| 9 (RLIN) | 52241 |
| 650 22 - المدخل الاضافى بالموضوع-مصطلح موضوعى | |
| مصطلح موضوعي أو اسم جغرافي كعنصر مدخل | Immunologic Diseases |
| التقسيم الفرعي العام | diagnosis. |
| 9 (RLIN) | 52242 |
| 650 22 - المدخل الاضافى بالموضوع-مصطلح موضوعى | |
| مصطلح موضوعي أو اسم جغرافي كعنصر مدخل | Serodiagnosis. |
| 9 (RLIN) | 52243 |
| 650 22 - المدخل الاضافى بالموضوع-مصطلح موضوعى | |
| مصطلح موضوعي أو اسم جغرافي كعنصر مدخل | Immunologic Tests. |
| 9 (RLIN) | 18567 |
| 650 22 - المدخل الاضافى بالموضوع-مصطلح موضوعى | |
| مصطلح موضوعي أو اسم جغرافي كعنصر مدخل | Immunologic Techniques. |
| 9 (RLIN) | 52244 |
| 906 ## - عنصر بيانات محلى F, LDF (RLIN) | |
| a | 7 |
| b | cbc |
| c | orignew |
| d | 1 |
| e | ocip |
| f | 19 |
| g | y-gencatlg |
| 942 ## - عناصر المدخل الإضافي( كوها) | |
| مصدر التصنيف او مخطط الترفيف | Dewey Decimal Classification |
| Koha [default] item type | كتاب |
| حالة الفقد | نموذج السعر الفعال | حالة تلف | ليس للاعارة | رقم الطلب | تاريخ الاكتساب | الموقع الحالي | الباركود | الفرع الرئيسي | Date last seen | نوع المادة فى نظام كوها | مصدر التصنيف او خطة الترفيف | Total Checkouts | Total Renewals | Date last checked out | مُعار |
|---|---|---|---|---|---|---|---|---|---|---|---|---|---|---|---|
| 2015-10-13 | 616.079 SCC | 2015-10-13 | المكتبة المركزية بالمجمعة (CL) | 00654186 | المكتبة المركزية بالمجمعة (CL) | 2015-10-13 | كتاب | Dewey Decimal Classification | |||||||
| 2015-10-13 | 616.079 SCC | 2015-10-13 | المكتبة المركزية بالمجمعة (CL) | 00654187 | المكتبة المركزية بالمجمعة (CL) | 2015-10-13 | كتاب | Dewey Decimal Classification | |||||||
| 2015-10-13 | 616.079 SCC | 2015-10-13 | المكتبة المركزية بالمجمعة (CL) | 00654188 | المكتبة المركزية بالمجمعة (CL) | 2015-10-13 | كتاب | Dewey Decimal Classification | |||||||
| 2015-10-15 | 616.079 SCC | 2015-10-15 | مكتبة كلية العلوم الطبية التطبيقية بالمجمعة - طالبات (AMF) | 00654503 | مكتبة كلية العلوم الطبية التطبيقية بالمجمعة - طالبات (AMF) | 2023-01-10 | كتاب | Dewey Decimal Classification | 1 | 1 | 2023-01-10 | 2025-01-16 | |||
| 2015-10-15 | 616.079 SCC | 2015-10-15 | مكتبة كلية العلوم الطبية التطبيقية بالمجمعة - طالبات (AMF) | 00654504 | مكتبة كلية العلوم الطبية التطبيقية بالمجمعة - طالبات (AMF) | 2022-12-06 | كتاب | Dewey Decimal Classification | 1 | 1 | 2022-12-06 | 2025-01-16 | |||
| 2018-08-18 | 616.079 SCC | 2018-08-18 | مكتبة مجمع الكليات بالزلفى - طلاب (SZM) | 00657380 | مكتبة مجمع الكليات بالزلفى - طلاب (SZM) | 2018-08-18 | كتاب | Dewey Decimal Classification | |||||||
| 2018-08-18 | 616.079 SCC | 2018-08-18 | مكتبة مجمع الكليات بالزلفى - طلاب (SZM) | 00657381 | مكتبة مجمع الكليات بالزلفى - طلاب (SZM) | 2018-08-18 | كتاب | Dewey Decimal Classification |
